| 000 | 00638cab a2200169 4500 | ||
|---|---|---|---|
| 001 | L129816 | ||
| 008 | 050525n2005 000 0 eng u | ||
| 035 | _a(Sirsi) u129816 | ||
| 041 | _aeng | ||
| 245 | _aBuy-to-let insurance hazards | ||
| 260 | _c2005 | ||
| 490 |
_aProperty Week _v70(19) 13 May 2005, 21(1) |
||
| 520 | _aResearch by the UK property investor unit at insurer Zurich warns that buy-to-let investors need to insure their properties against domestic accidents that could double the length of void periods. | ||
| 590 | _aIKA070605 | ||
| 690 | _aPROPERTY-RESIDENTIAL PROPERTY-RESIDENTIAL PROPERTY MANAGEMENT | ||
| 942 | _n0 | ||
| 999 |
_c75289 _d75289 |
||